| 000 | 00816nam a2200241Ia 4500 | ||
|---|---|---|---|
| 003 | OSt | ||
| 005 | 20221005113402.0 | ||
| 006 | a|||||r|||| 00| 0 | ||
| 007 | ta | ||
| 008 | 221004b |||||||| |||| 00| 0 pan d | ||
| 024 | _a6266 | ||
| 037 |
_bGift, 05/09/2013, _cTextual |
||
| 040 |
_aCRL _cCRL _bpan |
||
| 041 |
_2pan _apan |
||
| 082 | _aO111,2J64:g, 153Q0 | ||
| 100 |
_aਵਿਲਿਅਮ, Fੈਕਸਪੀਅਰ _9624511 |
||
| 245 | 0 | _aਸੱਚ ਦੇ ਮੋਤੀ | |
| 260 |
_aਲੁਧਿਆਣਾ _bਕੇ ਬੀ ਅੇਸ ਸੋਢੀ ਭਾਰਤ _c2010 |
||
| 300 |
_a85ਪੰ _ccm. |
||
| 650 | _aਅੰਗ੍ਰੇਜੀ ਸਾਹਿਤ | ||
| 942 |
_hO111,2J64:g, 153Q0 _cTEXL _2cc |
||
| 999 |
_c1028007 _d1028007 |
||